| 000 -LEADER |
| fixed length control field |
01567nam a2200217 4500 |
| 020 ## - INTERNATIONAL STANDARD BOOK NUMBER |
| ISBN |
97881487535940 |
| 082 ## - DEWEY DECIMAL CLASSIFICATION NUMBER |
| Classification number |
362.20842 |
| Item number |
C354 2020 |
| 100 ## - MAIN ENTRY--AUTHOR NAME |
| Personal name |
Cameron, Gary, author. |
| 245 ## - TITLE STATEMENT |
| Title |
Necessary but not sufficient: improving community living for youth after residential mental health programs / Gary Cameron, Karen M. Frensch, Trudy Smith Quosai, Mark Pancer, Michele Preyde. |
| 260 ## - PUBLICATION, DISTRIBUTION, ETC. (IMPRINT) |
| Place of publication |
Toronto Buffalo, London : |
| Name of publisher |
University of Toronto Press, |
| Year of publication |
c2020 |
| 300 ## - PHYSICAL DESCRIPTION |
| Number of Pages |
1 online resource, xiii, 210 pages. |
| 500 ## - GENERAL NOTE |
| General note |
Includes bibliographical references and index. |
| 520 ## - SUMMARY, ETC. |
| Summary, etc |
Youth residential mental health care is often a last resort after a long time searching for help. Despite engaging with residential care, moving from residential mental health programs to life in the community, many youth still confront disturbing prospects. Incorporating vignettes, chapter summaries, as well as theory and evidence in fields such as education, juvenile justice, child welfare, independent living, supporting families, and positive youth development, this book proposes a template that is both credible and feasible for improving community living outcomes for youth leaving residential mental health programs.
|
| 650 ## - SUBJECT ADDED ENTRY--TOPICAL TERM |
| Topical Term |
Mentally ill teenagers – Deinstitutionalization – Case studies. |
| 650 ## - SUBJECT ADDED ENTRY--TOPICAL TERM |
| Topical Term |
Mentally ill teenagers - Rehabilitation. |
| 700 ## - ADDED ENTRY--PERSONAL NAME |
| Personal name |
Frensch, Karen M., 1973– author. |
| 700 ## - ADDED ENTRY--PERSONAL NAME |
| Personal name |
Quosai, Trudy Smit, 1965– author. |
| 700 ## - ADDED ENTRY--PERSONAL NAME |
| Personal name |
Pancer, S. Mark, author. |
| 700 ## - ADDED ENTRY--PERSONAL NAME |
| Personal name |
Preyde, Michele, 1964– author. |
| 942 ## - ADDED ENTRY ELEMENTS (KOHA) |
| Koha item type |
Electronic Books |